[Event "AUTO-MASTER-816"]
[Site "http://www.queenalice.com/game.php?id=596870"]
[Date "2009.6.1"]
[Round "1"]
[White "jamesrl"]
[Black "killtochess"]
[Result "1-0"]
[WhiteElo "2036"]
[BlackElo "2088"]

1. e4 e5 2. f4 exf4 3. Nf3 g5 4. h4 g4 5. Ne5 d5 6. exd5 Qxd5 7. Qe2 Be7 8. Nc3
Qe6 9. d4 f3 10. gxf3 gxf3 11. Qxf3 Nd7 12. Bf4 c6 13. Bc4 Nxe5 14. Bxe5 Qxc4
15. Bxh8 Be6 16. O-O-O O-O-O 17. Bg7 Bb4 18. a3 Ba5 19. Rd3 Bxc3 20. Rxc3 Qa2
21. Rxc6+ Kb8 22. Be5+ Ka8 23. Rc7 Bd5 24. Qc3 Be6 25. Re1 Qd5 26. Qg3 Bf5 27.
c4 Qa5 28. Rxf7 Bg6 29. Rc7 Nh6 30. Re2 Qa4 31. Qf3 Nf7 32. Qxb7# 1-0

[Event "AUTO-MASTER-816"]
[Site "http://www.queenalice.com/game.php?id=596885"]
[Date "2009.6.1"]
[Round "1"]
[White "thw"]
[Black "jamesrl"]
[Result "1/2-1/2"]
[WhiteElo "1997"]
[BlackElo "2021"]

1. e4 c5 2. Nf3 d6 3. d4 cxd4 4. Nxd4 Nc6 5. Nxc6 bxc6 6. Nc3 Nf6 7. Be3 Ng4 8.
Qd2 Nxe3 9. Qxe3 Qb6 10. Qxb6 axb6 11. Be2 Ba6 12. O-O Bxe2 13. Nxe2 g6 14. c3
Bg7 15. a3 O-O 16. Rad1 Rad8 17. Rd3 d5 18. exd5 Rxd5 19. Rxd5 cxd5 20. Rd1 Rd8
21. g4 e5 22. f3 d4 23. cxd4 exd4 24. Rd3 Kf8 25. Kf2 Ke7 26. f4 Ke6 27. Kf3 Kd5
28. b3 Rc8 29. h4 1/2-1/2

[Event "AUTO-MASTER-816"]
[Site "http://www.queenalice.com/game.php?id=596886"]
[Date "2009.6.1"]
[Round "1"]
[White "jamesrl"]
[Black "thw"]
[Result "1-0"]
[WhiteElo "1982"]
[BlackElo "1980"]

1. e4 e6 2. c4 d5 3. exd5 exd5 4. d4 dxc4 5. Bxc4 Bb4+ 6. Nc3 Nf6 7. Ne2 O-O 8.
O-O Nc6 9. Bg5 h6 10. Bh4 Qd6 11. Nb5 Qe7 12. Bxf6 gxf6 13. Qd3 a6 14. Qg6+ 1-0

[Event "AUTO-MASTER-816"]
[Site "http://www.queenalice.com/game.php?id=596897"]
[Date "2009.6.1"]
[Round "1"]
[White "jamesrl"]
[Black "Paulo2008"]
[Result "0-1"]
[WhiteElo "2065"]
[BlackElo "1893"]

1. e4 e6 2. c4 Nc6 3. Nf3 Bc5 4. d4 Bb4+ 5. Nc3 d5 6. exd5 exd5 7. Be2 Nf6 8.
O-O O-O 9. Bg5 dxc4 10. Bxc4 Bg4 11. Nd5 Be7 12. Nxe7+ Qxe7 13. Re1 Qd6 14. Qd3
Bh5 15. Ne5 Nxd4 16. Qh3 Bg6 17. Bxf6 gxf6 18. Nxg6 hxg6 19. Qh6 Nf5 20. Qxg6+
Ng7 21. Rad1 Qc5 22. Bb3 Qg5 23. Qxg5 fxg5 24. Re7 Rac8 25. Rdd7 Rce8 26. Bxf7+
Rxf7 27. Rxe8+ Nxe8 28. Rd5 Rg7 29. Ra5 a6 30. f3 Kf7 31. f4 gxf4 32. Rf5+ Ke7
0-1

[Event "AUTO-MASTER-816"]
[Site "http://www.queenalice.com/game.php?id=596898"]
[Date "2009.6.1"]
[Round "1"]
[White "Paulo2008"]
[Black "jamesrl"]
[Result "1-0"]
[WhiteElo "1884"]
[BlackElo "2026"]

1. d4 d5 2. e3 Nf6 3. Bd3 c5 4. c3 Nc6 5. Nd2 e5 6. dxe5 Nxe5 7. Be2 Bf5 8. Ngf3
Qc7 9. Nxe5 Qxe5 10. Nf3 Qe6 11. O-O Be7 12. Qa4+ Qc6 13. Bb5 1-0

[Event "Let's Play Chess!"]
[Site "http://www.queenalice.com/game.php?id=598369"]
[Date "2009.6.4"]
[Round "-"]
[White "jamesrl"]
[Black "GMNeny"]
[Result "1-0"]
[WhiteElo "2022"]
[BlackElo "1962"]

1. e4 c5 2. Nf3 d6 3. d4 cxd4 4. Nxd4 Nf6 5. Nc3 a6 6. Bd3 e5 7. Nde2 Be7 8. O-O
O-O 9. h3 Be6 10. b3 Qc7 11. Bd2 Nbd7 12. f4 exf4 13. Nxf4 Ne5 14. Qe1 Rad8 15.
Qf2 Nxd3 16. cxd3 Rfe8 17. Rac1 Qd7 18. Nfd5 Bxh3 19. gxh3 Qxh3 20. Qg2 Qxd3 21.
Nxf6+ Bxf6 22. Rxf6 Qd4+ 23. Rf2 Re6 24. Nd5 Kh8 25. Bc3 1-0

[Event "AUTO-MASTER-834"]
[Site "http://www.queenalice.com/game.php?id=607107"]
[Date "2009.6.22"]
[Round "1"]
[White "jamesrl"]
[Black "Velasquez"]
[Result "1-0"]
[WhiteElo "2053"]
[BlackElo "1943"]

1. e4 e6 2. c4 Ne7 3. Nc3 d5 4. exd5 exd5 5. d4 dxc4 6. Bxc4 Nd7 7. Qb3 Nd5 8.
Bxd5 Qf6 9. Nf3 c6 10. Bg5 Qg6 11. Nb5 cxb5 12. Qe3+ 1-0

[Event "AUTO-MASTER-834"]
[Site "http://www.queenalice.com/game.php?id=607108"]
[Date "2009.6.22"]
[Round "1"]
[White "Velasquez"]
[Black "jamesrl"]
[Result "1-0"]
[WhiteElo "1895"]
[BlackElo "1991"]

1. e4 c5 2. Nc3 e6 3. Bc4 Nf6 4. e5 Ng8 5. d3 Nc6 6. Nf3 d6 7. exd6 Bxd6 8. Qe2
Nf6 9. Bg5 h6 10. Bxf6 gxf6 11. O-O-O Ne5 12. Nxe5 Bxe5 13. Ne4 Qb6 14. c3 Bd7
15. g3 f5 16. Nd2 1-0

[Event "AUTO-MASTER-834"]
[Site "http://www.queenalice.com/game.php?id=607109"]
[Date "2009.6.22"]
[Round "1"]
[White "jamesrl"]
[Black "attachui"]
[Result "1-0"]
[WhiteElo "2056"]
[BlackElo "2033"]

1. e4 c5 2. Nf3 d6 3. d4 cxd4 4. Nxd4 Nf6 5. Nc3 a6 6. Bc4 e6 7. Bg5 Qb6 8. Rb1
e5 9. Bxf6 gxf6 10. Nf5 Rg8 11. Qh5 Be6 12. Bxe6 1-0

[Event "AUTO-MASTER-834"]
[Site "http://www.queenalice.com/game.php?id=607110"]
[Date "2009.6.22"]
[Round "1"]
[White "attachui"]
[Black "jamesrl"]
[Result "1-0"]
[WhiteElo "2018"]
[BlackElo "2071"]

1. d4 d5 2. Nf3 Bf5 3. Nc3 e6 4. Bf4 Bd6 5. Bg3 Nf6 6. e3 O-O 7. Bd3 Bxd3 8.
Qxd3 c6 9. e4 dxe4 10. Nxe4 Nxe4 11. Qxe4 Bxg3 12. hxg3 Qd5 13. Qxh7# 1-0

[Event "Challenge #1"]
[Site "http://www.queenalice.com/game.php?id=611829"]
[Date "2009.7.1"]
[Round "-"]
[White "Aylton"]
[Black "jamesrl"]
[Result "1-0"]
[WhiteElo "1950"]
[BlackElo "2022"]

1. d4 b6 2. Nf3 Bb7 3. e3 e6 4. c4 d5 5. Nc3 dxc4 6. Bxc4 Nf6 7. h3 Bb4 8. Bd2
Bxc3 9. Bxc3 Nd5 10. Rc1 O-O 11. O-O Nxc3 12. Rxc3 Bd5 13. Bxd5 Qxd5 14. b3 1-0

[Event "Challenge #2"]
[Site "http://www.queenalice.com/game.php?id=611830"]
[Date "2009.7.1"]
[Round "-"]
[White "jamesrl"]
[Black "Aylton"]
[Result "0-1"]
[WhiteElo "2042"]
[BlackElo "1930"]

1. e4 c5 2. Nf3 Nc6 3. Bc4 e6 4. d4 cxd4 5. Nxd4 Qb6 6. Nxc6 Qxc6 7. Bd3 f5 8.
f3 Nf6 9. exf5 exf5 10. Bxf5 g6 11. Qe2+ Be7 12. Bg5 gxf5 0-1